| Tag |
First Indicator |
Second Indicator |
Subfields |
| LEADER |
00000cam a22000001 4500 |
| 001 |
in00000207821 |
| 005 |
20151009061407.0 |
| 008 |
700729s1968 ctu b 00010 eng |
| 010 |
|
|
|a 68006037
|
| 035 |
|
|
|a (OCoLC)00433856
|
| 035 |
|
|
|9 AAX5944AM
|
| 037 |
|
|
|c 12.50
|
| 040 |
|
|
|a DLC
|c DLC
|d TXA
|d UtOrBLW
|
| 049 |
|
|
|a TXAM
|c [918985]
|
| 050 |
0 |
0 |
|a HV8675
|b .M78 1968b
|
| 082 |
0 |
|
|a 364/.01
|
| 100 |
1 |
|
|a Moberly, Walter Hamilton,
|c Sir,
|d 1881-
|
| 245 |
1 |
4 |
|a The ethics of punishment /
|c by Sir Walter Moberly.
|
| 250 |
|
|
|a [1st ed.].
|
| 264 |
|
1 |
|a Hamden, Conn. :
|b Archon Books,
|c [1968]
|
| 300 |
|
|
|a 386 pages ;
|c 26 cm.
|
| 336 |
|
|
|a text
|b txt
|2 rdacontent
|
| 337 |
|
|
|a unmediated
|b n
|2 rdamedia
|
| 338 |
|
|
|a volume
|b nc
|2 rdacarrier
|
| 504 |
|
|
|a Bibliographical footnotes.
|
| 650 |
|
0 |
|a Punishment.
|
| 999 |
|
|
|a MARS
|
| 999 |
f |
f |
|s ab0763ba-56d9-3551-85a1-d894ac4fd0dc
|i 39352b29-58c7-3861-b451-44848dcc815e
|t 0
|
| 952 |
f |
f |
|p ric
|a Texas A&M University
|b Rellis Campus
|c Joint Library Facility
|d Remote Storage
|t 0
|e HV8675 .M78 1968b
|h Library of Congress classification
|i unmediated -- volume
|m A14825749676
|
| 998 |
f |
f |
|a HV8675 .M78 1968b
|t 0
|l Remote Storage
|